| 000 | 00945nam0a22002411 4500 | ||
|---|---|---|---|
| 001 | rc\2990551 | ||
| 005 | 20250806211554.0 | ||
| 035 | _a(NLR Aleph) 007134685 | ||
| 090 |
_a66878 _c66878 |
||
| 100 | _a20110915d1941 u y0rusy50 ca | ||
| 101 | 0 | _arus | |
| 102 | _aRU | ||
| 105 | _aa z ||||| | ||
| 200 | 1 |
_aАппарат для воспроизведения лент звучащего целлофана СБ-2 _fНар. комиссариат общ. машиностроения Союза ССР. Гл. упр. легкого машиностроения. Завод им. КИМ |
|
| 210 |
_aКунцево _cМоск. обл. завод им. КИМ _d1941 |
||
| 215 |
_a16 с. _cил., табл., черт. _d21 см |
||
| 801 | 0 |
_aRU _bNLR _gpsbo |
|
| 801 | 1 |
_aRU _bELAR _2rusmarc |
|
| 852 |
_aNLR _jТ40 Г-4/14 |
||
| 942 | _cBOOK | ||
| 945 | _aРоссийская национальная библиотека | ||
| 980 | _aNB | ||
| 980 | _aBV | ||